[Event "Coventry International"]
[Site "Coventry"]
[Date "2025.10.26"]
[Round "2.5"]
[White "Kovchan, Alexander"]
[Black "Latt, Maung M"]
[Result "1-0"]
[WhiteElo "2444"]
[BlackElo "2140"]
[PlyCount "83"]
[EventDate "2025.10.26"]
[EventType "swiss"]
[EventRounds "9"]
[EventCountry "ENG"]
[SourceTitle "BritBase"]
[Source "John Saunders"]
[SourceDate "2025.10.31"]
[SourceVersion "1"]
[SourceVersionDate "2025.10.31"]
[SourceQuality "1"]

1. e4 c6 2. d4 d5 3. Nc3 dxe4 4. Nxe4 Nd7 5. Nf3 Ngf6 6. Nxf6+ Nxf6 7. c3 Bg4 8. h3 Bh5 9. g4 Bg6 10. Ne5 Nd7 11. Nxg6 hxg6 12. d5 Qc7 13. Bg2 cxd5 14. Qxd5 Rb8 15. Be3 e6 16. Qd4 a6 17. O-O-O e5 18. Qa4 Rd8 19. Rd5 Be7 20. Rhd1 g5 21. Bb6 Qxb6 22. Rxd7 Qb5 23. Qxb5 axb5 24. Rxb7 Rh6 25. Rxb5 Ra6 26. Rxd8+ Kxd8 27. Bd5 Rf6 28. f3 Rh6 29. Bxf7 Rxh3 30. Bd5 Kc7 31. Be4 Rh2 32. a4 Rh1+ 33. Kc2 Kd6 34. a5 Ra1 35. b4 Bd8 36. Kd3 Bc7 37. Kc4 Ra3 38. Rc5 Kd7 39. Kb5 Kd6 40. Ka6 Kd7 41. Kb7 Bd6 42. Rc4 1-0

[Event "Coventry International"]
[Site "Coventry"]
[Date "2025.10.26"]
[Round "2.6"]
[White "Luk, Danbe"]
[Black "Wang, Hao ZJ"]
[Result "1/2-1/2"]
[WhiteElo "2131"]
[BlackElo "2424"]
[PlyCount "129"]
[EventDate "2025.10.26"]
[EventType "swiss"]
[EventRounds "9"]
[EventCountry "ENG"]
[SourceTitle "BritBase"]
[Source "John Saunders"]
[SourceDate "2025.10.31"]
[SourceVersion "1"]
[SourceVersionDate "2025.10.31"]
[SourceQuality "1"]

1. d4 Nf6 2. c4 e6 3. Nf3 d5 4. Nc3 c6 5. Bg5 h6 6. Bxf6 Qxf6 7. e3 Nd7 8. Bd3 g5 9. O-O Bg7 10. e4 dxe4 11. Nxe4 Qe7 12. c5 g4 13. Nd6+ Kd8 14. Ne5 Nxe5 15. dxe5 Bxe5 16. Qxg4 Bxd6 17. cxd6 Qg5 18. Qe2 Rg8 19. f4 Qd5 20. Rad1 Bd7 21. Bc4 Qc5+ 22. Kh1 b5 23. Bd3 Kc8 24. Rc1 Qxd6 25. Bxb5 Kc7 26. Rf3 Rac8 27. Rd3 Qxf4 28. Rf1 Qg5 29. Rxf7 Rcd8 30. Bc4 Rg7 31. Rxg7 Qxg7 32. Qe3 Kb8 33. Ba6 Ka8 34. Qxe6 Qxb2 35. Qxc6+ Bxc6 36. Rxd8+ Qb8 37. Rxb8+ Kxb8 38. Kg1 Kc7 39. Kf2 Kb6 40. Bc4 Kc5 41. Bf7 a5 42. g4 Kd4 43. Bg8 a4 44. h4 a3 45. Kg3 Be4 46. Kf4 Bb1 47. h5 Kc3 48. g5 hxg5+ 49. Kxg5 Kb2 50. h6 Bc2 51. Kf6 Bb1 52. Ke7 Bc2 53. Kf8 Bb1 54. Bf7 Ka1 55. Bg8 Kb2 56. Be6 Ka1 57. Bf7 Kb2 58. Kg8 Bxa2 59. h7 Bxf7+ 60. Kf8 a2 61. h8=Q+ Kb1 62. Qh1+ Kb2 63. Qg2+ Kb1 64. Qf1+ Kb2 65. Qe2+ 1/2-1/2

[Event "Coventry International"]
[Site "Coventry"]
[Date "2025.10.26"]
[Round "2.7"]
[White "Gormally, Daniel W"]
[Black "Vaidyanathan, Adithya"]
[Result "1-0"]
[WhiteElo "2396"]
[BlackElo "2129"]
[PlyCount "101"]
[EventDate "2025.10.26"]
[EventType "swiss"]
[EventRounds "9"]
[EventCountry "ENG"]
[SourceTitle "BritBase"]
[Source "John Saunders"]
[SourceDate "2025.10.31"]
[SourceVersion "1"]
[SourceVersionDate "2025.10.31"]
[SourceQuality "1"]

1. d4 d5 2. c4 e6 3. Nf3 c6 4. Nbd2 Nf6 5. g3 Bd6 6. Bg2 O-O 7. O-O b6 8. Qc2 Bb7 9. e4 dxe4 10. Ng5 Be7 11. Ndxe4 Nxe4 12. Nxe4 f5 13. Nc3 Qxd4 14. Qe2 Qd7 15. Rd1 Qc8 16. Re1 Na6 17. Bf4 Nc5 18. b4 Bf6 19. Bd2 Na6 20. Rab1 Re8 21. g4 g6 22. Qf3 Rb8 23. c5 Qd8 24. Rbd1 Qc7 25. Ne4 Be5 26. Nd6 Bxd6 27. cxd6 Qf7 28. Bc3 c5 29. Qf4 cxb4 30. Ba1 Bxg2 31. Kxg2 Nc5 32. d7 Red8 33. Qxb8 Rxb8 34. d8=Q+ Rxd8 35. Rxd8+ Qf8 36. Rxf8+ Kxf8 37. Bd4 Ke7 38. gxf5 gxf5 39. Re3 Kd6 40. Rh3 Kd5 41. Bxc5 bxc5 42. Rxh7 a6 43. Kf3 Kd4 44. Ke2 Kc3 45. Rc7 c4 46. h4 a5 47. h5 a4 48. h6 b3 49. axb3 axb3 50. h7 b2 51. h8=Q+ 1-0

[Event "Coventry International"]
[Site "Coventry"]
[Date "2025.10.26"]
[Round "2.8"]
[White "Dicen, Elis Denele"]
[Black "Kanyamarala, Tarun"]
[Result "0-1"]
[WhiteElo "2123"]
[BlackElo "2376"]
[PlyCount "88"]
[EventDate "2025.10.26"]
[EventType "swiss"]
[EventRounds "9"]
[EventCountry "ENG"]
[SourceTitle "BritBase"]
[Source "John Saunders"]
[SourceDate "2025.10.31"]
[SourceVersion "1"]
[SourceVersionDate "2025.10.31"]
[SourceQuality "1"]

1. d4 Nf6 2. Bf4 d5 3. e3 e6 4. Nf3 Bd6 5. Ne5 O-O 6. Nd2 b6 7. Bd3 Bb7 8. Qf3 Nbd7 9. h4 Qe7 10. h5 h6 11. c3 Bxe5 12. dxe5 Nc5 13. Bc2 Nfe4 14. Nxe4 dxe4 15. Qg4 Kh8 16. O-O-O Rad8 17. Bg3 Qg5 18. Qh3 Ba6 19. Bf4 Qe7 20. Rd4 Rxd4 21. exd4 Nd3+ 22. Bxd3 Bxd3 23. Qe3 Qd7 24. b3 Qe7 25. Kb2 f6 26. g3 Kh7 27. f3 f5 28. Rh2 a5 29. fxe4 fxe4 30. g4 a4 31. g5 a3+ 32. Kc1 hxg5 33. Bxg5 Rf1+ 34. Kd2 Qf7 35. h6 g6 36. c4 Qf5 37. Bf6 Rf3 38. Qg1 e3+ 39. Kc3 e2 40. Bh4 Bb1+ 41. Kb4 Bxa2 42. Rf2 Rxb3+ 43. Ka4 Rf3 44. Rxe2 Qd3 0-1

[Event "Coventry International"]
[Site "Coventry"]
[Date "2025.10.26"]
[Round "2.9"]
[White "Jackson, James P"]
[Black "Hanache, Kai"]
[Result "1-0"]
[WhiteElo "2365"]
[BlackElo "2122"]
[PlyCount "115"]
[EventDate "2025.10.26"]
[EventType "swiss"]
[EventRounds "9"]
[EventCountry "ENG"]
[SourceTitle "BritBase"]
[Source "John Saunders"]
[SourceDate "2025.10.31"]
[SourceVersion "1"]
[SourceVersionDate "2025.10.31"]
[SourceQuality "1"]

1. Nf3 Nf6 2. c4 g6 3. Nc3 d5 4. cxd5 Nxd5 5. h4 Bg7 6. e4 Nxc3 7. dxc3 Qxd1+ 8. Kxd1 Nd7 9. Bf4 Nc5 10. Nd2 f5 11. Bxc7 fxe4 12. Bf4 Bf5 13. Bb5+ Kf8 14. Be3 Rc8 15. Nb3 Rd8+ 16. Kc2 Nd3 17. Bxd3 exd3+ 18. Kd2 Rd6 19. f3 Kf7 20. Rhe1 Rc8 21. g4 Be6 22. Nc5 Bd5 23. Ne4 Bxe4 24. fxe4 a6 25. Rac1 b5 26. Bf4 Rd7 27. Re3 b4 28. Rxd3 Rb7 29. Kc2 Rc4 30. Re1 bxc3 31. b3 Rc6 32. Bg3 a5 33. e5 Rb4 34. g5 Rg4 35. Ree3 h6 36. gxh6 Bxh6 37. Rf3+ Ke6 38. Rxc3 Rxc3+ 39. Rxc3 a4 40. bxa4 Rxa4 41. Kb3 Ra6 42. Rd3 Rb6+ 43. Kc4 Ra6 44. a3 Ra5 45. Kb4 Rd5 46. Rxd5 Kxd5 47. Kb5 Bd2 48. a4 Ke6 49. a5 Kd7 50. e6+ Kxe6 51. a6 Be3 52. Kc6 Kf5 53. Bc7 e5 54. Bb6 Bxb6 55. Kxb6 e4 56. a7 e3 57. a8=Q Kf4 58. Qg2 1-0

[Event "Coventry International"]
[Site "Coventry"]
[Date "2025.10.26"]
[Round "2.10"]
[White "Lebedev, Lion"]
[Black "Hebden, Mark L"]
[Result "0-1"]
[WhiteElo "2091"]
[BlackElo "2355"]
[PlyCount "68"]
[EventDate "2025.10.26"]
[EventType "swiss"]
[EventRounds "9"]
[EventCountry "ENG"]
[SourceTitle "BritBase"]
[Source "John Saunders"]
[SourceDate "2025.10.31"]
[SourceVersion "1"]
[SourceVersionDate "2025.10.31"]
[SourceQuality "1"]

1. e4 e5 2. Nf3 Nc6 3. Bb5 a6 4. Ba4 Nf6 5. O-O Be7 6. Re1 b5 7. Bb3 O-O 8. h3 Bb7 9. d3 d6 10. a3 a5 11. Nc3 Na7 12. Bd2 c5 13. Ba2 a4 14. Ne2 Nc6 15. Ng3 Bc8 16. Nh2 Be6 17. Ng4 Nxg4 18. hxg4 Bxa2 19. Rxa2 Bg5 20. Nf5 Bxd2 21. Qxd2 g6 22. Ne3 Qg5 23. Qd1 Nd4 24. Nd5 f5 25. gxf5 gxf5 26. exf5 Rxf5 27. Re3 Kh8 28. c3 Raf8 29. Rg3 Qc1 30. Qxc1 Ne2+ 31. Kh2 Nxc1 32. Ra1 Ne2 33. Re3 Rxf2 34. Re1 Rg8 0-1

[Event "Coventry International"]
[Site "Coventry"]
[Date "2025.10.26"]
[Round "2.11"]
[White "Shearsby, Jude"]
[Black "Okhai, Shabir"]
[Result "1-0"]
[WhiteElo "2330"]
[BlackElo "2069"]
[PlyCount "123"]
[EventDate "2025.10.26"]
[EventType "swiss"]
[EventRounds "9"]
[EventCountry "ENG"]
[SourceTitle "BritBase"]
[Source "John Saunders"]
[SourceDate "2025.10.31"]
[SourceVersion "1"]
[SourceVersionDate "2025.10.31"]
[SourceQuality "1"]

1. d4 Nf6 2. Bg5 e6 3. e4 h6 4. Bxf6 Qxf6 5. Nc3 d6 6. Qd2 c6 7. O-O-O e5 8. d5 Be7 9. h4 O-O 10. f3 Nd7 11. Kb1 Nc5 12. g4 a5 13. Qh2 h5 14. gxh5 Qh6 15. Nge2 f5 16. Bh3 fxe4 17. fxe4 Rf3 18. Bxc8 Rxc8 19. Ng3 Bf8 20. Qh3 Rc7 21. Rdf1 Rcf7 22. Nf5 Rxf1+ 23. Rxf1 Qxh5 24. dxc6 bxc6 25. a3 a4 26. Ka2 Rf6 27. Kb1 Rf7 28. Ka2 Rf6 29. Ka1 Kh8 30. Ng3 Qf7 31. Rxf6 Qxf6 32. Qc8 Kh7 33. h5 Qf3 34. Nf5 Qf1+ 35. Nb1 Kg8 36. Qxc6 Qc4 37. Qd5+ Qxd5 38. exd5 Kf7 39. Nd2 Kf6 40. Ng3 Kg5 41. b4 axb3 42. cxb3 Kf4 43. Ngf1 e4 44. b4 Na4 45. Nc4 Be7 46. Nfe3 Bf6+ 47. Ka2 Bd4 48. Nc2 Bf6 49. Kb3 Nc3 50. N2e3 Nb5 51. Ka4 Nc3+ 52. Kb3 Nb5 53. a4 Nd4+ 54. Ka3 Kf3 55. b5 Bd8 56. Kb4 Bb6 57. a5 Bc5+ 58. Ka4 Ne2 59. b6 Bxe3 60. Nxe3 Kxe3 61. b7 Nc3+ 62. Kb3 1-0

[Event "Coventry International"]
[Site "Coventry"]
[Date "2025.10.26"]
[Round "2.12"]
[White "Burrows, Martin P"]
[Black "Mirzoeva, Elmira"]
[Result "1/2-1/2"]
[WhiteElo "2088"]
[BlackElo "2300"]
[PlyCount "116"]
[EventDate "2025.10.26"]
[EventType "swiss"]
[EventRounds "9"]
[EventCountry "ENG"]
[SourceTitle "BritBase"]
[Source "John Saunders"]
[SourceDate "2025.10.31"]
[SourceVersion "1"]
[SourceVersionDate "2025.10.31"]
[SourceQuality "1"]

1. e4 c6 2. d4 d5 3. e5 Bf5 4. Nf3 e6 5. Be2 Bb4+ 6. c3 Ba5 7. Nbd2 Nd7 8. O-O Bc7 9. Re1 h6 10. b4 Ne7 11. Nb3 O-O 12. a4 f6 13. exf6 Rxf6 14. Nc5 Nxc5 15. bxc5 Ng6 16. Qb3 b6 17. cxb6 axb6 18. c4 Qd7 19. Ra2 Raf8 20. Ba3 R8f7 21. Ne5 Nxe5 22. dxe5 Bxe5 23. Bh5 g6 24. Rxe5 gxh5 25. cxd5 cxd5 26. Bc1 Qc7 27. Re1 Rg6 28. Be3 Be4 29. f4 d4 30. Bxd4 Qxf4 31. Qb5 Qf3 32. Qe8+ Rf8 33. Qxe6+ Rxe6 34. gxf3 Rg6+ 35. Rg2 Rxg2+ 36. Kxg2 Bxf3+ 37. Kg1 Rf4 38. Bxb6 Rxa4 39. Kf2 Bg4 40. Bc7 Kf7 41. Bg3 Kg6 42. Rb1 Ra5 43. Rb6+ Kg5 44. h4+ Kf5 45. Rb2 Ra4 46. Rb5+ Ke4 47. Rb2 Kd3 48. Be5 Bf5 49. Bg3 Bg4 50. Be5 Ra5 51. Bf4 Ke4 52. Rb4+ Kd3 53. Bxh6 Ra2+ 54. Kg3 Ra1 55. Rb3+ Ke4 56. Rb4+ Kf5 57. Rb5+ Ke4 58. Rb4+ Ke5 1/2-1/2

[Event "Coventry International"]
[Site "Coventry"]
[Date "2025.10.26"]
[Round "2.13"]
[White "Vijayakumar, Rishi"]
[Black "Talab, Rami"]
[Result "0-1"]
[WhiteElo "2300"]
[BlackElo "2052"]
[PlyCount "134"]
[EventDate "2025.10.26"]
[EventType "swiss"]
[EventRounds "9"]
[EventCountry "ENG"]
[SourceTitle "BritBase"]
[Source "John Saunders"]
[SourceDate "2025.10.31"]
[SourceVersion "1"]
[SourceVersionDate "2025.10.31"]
[SourceQuality "1"]

1. d4 f5 2. Bg5 h6 3. Bh4 g5 4. e3 Nf6 5. Bg3 Bg7 6. Nc3 O-O 7. h4 g4 8. Nge2 Nh5 9. Nf4 Nxg3 10. fxg3 e6 11. Be2 d5 12. O-O c6 13. Qd2 Qd6 14. Rad1 Nd7 15. Nh5 Nf6 16. Nxg7 Kxg7 17. Kh2 Nh5 18. Qe1 Bd7 19. Bd3 e5 20. dxe5 Qxe5 21. Qf2 Rae8 22. Rfe1 Kg8 23. Na4 Kh8 24. Bf1 Bc8 25. b4 b6 26. Rb1 Qd6 27. c3 Re7 28. Nb2 f4 29. exf4 Rxf4 30. Qd2 Nxg3 31. Kg1 Ref7 32. Nd3 R4f5 33. Qe3 Ne4 34. Qd4+ Qf6 35. Qxf6+ R7xf6 36. b5 c5 37. Rbc1 Bb7 38. Be2 h5 39. a4 c4 40. Nb4 Rf2 41. Nc6 Bxc6 42. bxc6 R2f4 43. c7 Rc6 44. Red1 Rf5 45. a5 bxa5 46. Rb1 Rxc7 47. Rdc1 Re7 48. Rb8+ Kg7 49. Rb5 Nd2 50. Bf1 a4 51. Rd1 Nxf1 52. Rxf1 Rxf1+ 53. Kxf1 Re3 54. Rxd5 Rxc3 55. Rxh5 Rc1+ 56. Ke2 Rc2+ 57. Ke3 Rxg2 58. Ra5 a3 59. Rxa7+ Kh6 60. Kd4 a2 61. Kxc4 g3 62. Kd3 Rb2 63. Ke3 g2 64. Ra6+ Kh5 65. Ra5+ Kxh4 66. Ra4+ Kh3 67. Ra8 g1=Q+ 0-1

[Event "Coventry International"]
[Site "Coventry"]
[Date "2025.10.26"]
[Round "2.14"]
[White "Lewis, Andrew P"]
[Black "Tso, Chi Wai"]
[Result "1-0"]
[WhiteElo "2268"]
[BlackElo "1817"]
[PlyCount "65"]
[EventDate "2025.10.26"]
[EventType "swiss"]
[EventRounds "9"]
[EventCountry "ENG"]
[SourceTitle "BritBase"]
[Source "John Saunders"]
[SourceDate "2025.10.31"]
[SourceVersion "1"]
[SourceVersionDate "2025.10.31"]
[SourceQuality "1"]

1. c4 c5 2. Nf3 Nf6 3. Nc3 Nc6 4. g3 d6 5. d4 cxd4 6. Nxd4 Bd7 7. Bg2 Nxd4 8. Qxd4 Bc6 9. e4 g6 10. O-O Bg7 11. Bg5 O-O 12. Qd2 Re8 13. Rac1 Qd7 14. b3 Rac8 15. a4 a6 16. Nd5 Bxd5 17. exd5 Kh8 18. a5 Ng8 19. Rfd1 Qf5 20. h3 h6 21. Be3 Kh7 22. Qd3 Qd7 23. Kh2 Qf5 24. Rc2 Qxd3 25. Rxd3 Nf6 26. b4 Nd7 27. f4 Rc7 28. c5 dxc5 29. bxc5 Rcc8 30. Rb3 Rb8 31. c6 bxc6 32. Rxb8 Rxb8 33. dxc6 1-0

[Event "Coventry International"]
[Site "Coventry"]
[Date "2025.10.26"]
[Round "2.15"]
[White "Golubka, Petr"]
[Black "Mehmood, Muhammed"]
[Result "1-0"]
[WhiteElo "2385"]
[BlackElo "1660"]
[PlyCount "65"]
[EventDate "2025.10.26"]
[EventType "swiss"]
[EventRounds "9"]
[EventCountry "ENG"]
[SourceTitle "BritBase"]
[Source "John Saunders"]
[SourceDate "2025.10.31"]
[SourceVersion "1"]
[SourceVersionDate "2025.10.31"]
[SourceQuality "1"]

1. e4 c5 2. b3 Nc6 3. Bb2 d6 4. Bb5 Bd7 5. f4 e6 6. Nf3 Nf6 7. Nc3 Nd4 8. Bxd7+ Qxd7 9. O-O Be7 10. d3 O-O 11. Nxd4 cxd4 12. Ne2 e5 13. h3 Rfc8 14. Qd2 Qc6 15. Rac1 Qb6 16. Kh1 Rc6 17. c4 Rac8 18. b4 Nd7 19. a4 a5 20. Ba3 axb4 21. Bxb4 Nc5 22. Rb1 Qa7 23. a5 Bd8 24. Ng3 f6 25. Nf5 Ra6 26. Rb2 Rcc6 27. Rfb1 Bxa5 28. Ne7+ Kf7 29. Nxc6 bxc6 30. Bxc5 Qxc5 31. Rb7+ Ke8 32. Qe2 g6 33. Qg4 1-0

[Event "Coventry International"]
[Site "Coventry"]
[Date "2025.10.26"]
[Round "2.16"]
[White "Lishoy Gengis Paratazham, Dildarav"]
[Black "Lohia, Sohum"]
[Result "1/2-1/2"]
[WhiteElo "2017"]
[BlackElo "2391"]
[PlyCount "54"]
[EventDate "2025.10.26"]
[EventType "swiss"]
[EventRounds "9"]
[EventCountry "ENG"]
[SourceTitle "BritBase"]
[Source "John Saunders"]
[SourceDate "2025.10.31"]
[SourceVersion "1"]
[SourceVersionDate "2025.10.31"]
[SourceQuality "1"]

1. Nf3 d5 2. b3 Nf6 3. Bb2 Bf5 4. d3 e6 5. g3 h6 6. Bg2 Be7 7. O-O O-O 8. Nbd2 Bh7 9. Re1 Nbd7 10. e4 c6 11. Qe2 a5 12. a4 Qc7 13. Rac1 Rac8 14. exd5 cxd5 15. Nd4 Rfe8 16. Nb5 Qb8 17. c4 Nc5 18. Be5 Qa8 19. Rc3 Nfd7 20. d4 Nxe5 21. dxe5 Red8 22. cxd5 exd5 23. Nd6 Bxd6 24. exd6 Ne6 25. Rxc8 Qxc8 26. Qe5 Qc5 27. Qxd5 Qxd5 1/2-1/2

[Event "Coventry International"]
[Site "Coventry"]
[Date "2025.10.26"]
[Round "2.17"]
[White "Vaidyanathan, Avinash"]
[Black "Balaji, Aaravamudhan"]
[Result "0-1"]
[WhiteElo "1949"]
[BlackElo "2288"]
[PlyCount "177"]
[EventDate "2025.10.26"]
[EventType "swiss"]
[EventRounds "9"]
[EventCountry "ENG"]
[SourceTitle "BritBase"]
[Source "John Saunders"]
[SourceDate "2025.10.31"]
[SourceVersion "1"]
[SourceVersionDate "2025.10.31"]
[SourceQuality "1"]

1. e4 e5 2. Nf3 Nc6 3. Bc4 Nf6 4. d4 exd4 5. O-O Nxe4 6. Re1 d5 7. Bxd5 Qxd5 8. Nc3 Qh5 9. Nxe4 Be6 10. Bg5 Bd6 11. Nxd6+ cxd6 12. Bf4 Qd5 13. c3 Rc8 14. Nxd4 Nxd4 15. Qxd4 Qxd4 16. cxd4 Kd7 17. Rac1 Rxc1 18. Rxc1 Bxa2 19. Ra1 Bd5 20. Rxa7 Re8 21. Be3 g5 22. Ra5 Kc6 23. h3 h6 24. g3 f5 25. Ra3 h5 26. Kf1 Rg8 27. f4 g4 28. h4 Kb6 29. Ke2 Rc8 30. Kd2 Rc4 31. Kd3 Rc8 32. Kd2 Re8 33. Kd3 Kb5 34. Rc3 Bc4+ 35. Kd2 Ra8 36. Kc2 Re8 37. Kd2 Kb4 38. Ra3 Bb3 39. Kd3 Bd5 40. Bd2+ Kb5 41. Be3 Be4+ 42. Kd2 Rc8 43. Rc3 Ra8 44. Ke2 Ra2 45. Bc1 Ra4 46. Ke3 Ra8 47. Ke2 Bf3+ 48. Kd3 Re8 49. Be3 Be4+ 50. Kd2 Kb4 51. Ke2 Bc6 52. Kd3 Ra8 53. Bd2 Be4+ 54. Ke2 Kb5 55. Bc1 Kb6 56. Be3 Bd5 57. Kd3 Re8 58. Ke2 Rd8 59. Kd3 Rb8 60. Bd2 Be4+ 61. Ke2 Bf3+ 62. Kd3 Ra8 63. Bc1 Kb5 64. Bd2 Be4+ 65. Ke2 b6 66. Bc1 Bf3+ 67. Kd3 Re8 68. Be3 Be4+ 69. Ke2 Ra8 70. Bc1 Ra4 71. Ke3 Rc4 72. Bd2 Rb4 73. Bc1 Ka6 74. Rc7 Rb3+ 75. Rc3 Bd5 76. Kd3 Kb7 77. Kc2 Rb4 78. Kd3 b5 79. Ke3 Bc4 80. Ra3 Kc6 81. Rc3 Kd5 82. Rc2 Ra4 83. Bd2 Ra8 84. Bb4 Ra1 85. Rd2 Ra4 86. b3 Rxb4 87. bxc4+ bxc4 88. Ra2 Rb3+ 89. Kf2 0-1

[Event "Coventry International"]
[Site "Coventry"]
[Date "2025.10.26"]
[Round "2.18"]
[White "Ward, Cian"]
[Black "Turner, Max N"]
[Result "0-1"]
[WhiteElo "1909"]
[BlackElo "2255"]
[PlyCount "122"]
[EventDate "2025.10.26"]
[EventType "swiss"]
[EventRounds "9"]
[EventCountry "ENG"]
[SourceTitle "BritBase"]
[Source "John Saunders"]
[SourceDate "2025.10.31"]
[SourceVersion "1"]
[SourceVersionDate "2025.10.31"]
[SourceQuality "1"]

1. e4 e5 2. Nf3 Nc6 3. Bc4 Bc5 4. c3 Nf6 5. d3 d6 6. Nbd2 a5 7. Bb3 O-O 8. h3 Be6 9. Nf1 d5 10. Qe2 a4 11. Bc2 b5 12. Ng3 dxe4 13. dxe4 Bc4 14. Qd2 Qxd2+ 15. Nxd2 Be6 16. Bd3 Rfb8 17. O-O a3 18. Nb3 Bd6 19. Re1 axb2 20. Bxb2 Na5 21. Nxa5 Rxa5 22. a3 Rba8 23. Rec1 Bc4 24. Bxc4 bxc4 25. f3 g6 26. Nf1 Nd7 27. Nd2 Ra4 28. Rcb1 Nb6 29. Bc1 Kf8 30. Kf1 Ke7 31. Ke2 Kd7 32. Nf1 Bxa3 33. Bxa3 Rxa3 34. Rxa3 Rxa3 35. Rc1 Ra2+ 36. Nd2 Kc6 37. Kd1 Kc5 38. Rc2 Ra3 39. Nf1 Ra1+ 40. Ke2 f5 41. exf5 gxf5 42. Ng3 f4 43. Ne4+ Kc6 44. Nf6 Nd5 45. Nxd5 Kxd5 46. Rd2+ Kc6 47. Rc2 Rg1 48. Kf2 Rd1 49. Ke2 Rd3 50. Rc1 Kd5 51. Rc2 e4 52. Ra2 exf3+ 53. gxf3 Re3+ 54. Kf2 Rxc3 55. Ra7 Rc2+ 56. Ke1 Rh2 57. Rxc7 Rxh3 58. Rd7+ Ke5 59. Re7+ Kd4 60. Re4+ Kd3 61. Rxf4 c3 0-1

[Event "Coventry International"]
[Site "Coventry"]
[Date "2025.10.26"]
[Round "2.19"]
[White "Kanyamarala, Trisha"]
[Black "Udovenko, Daniel Alexander"]
[Result "1/2-1/2"]
[WhiteElo "2149"]
[BlackElo "1945"]
[PlyCount "74"]
[EventDate "2025.10.26"]
[EventType "swiss"]
[EventRounds "9"]
[EventCountry "ENG"]
[SourceTitle "BritBase"]
[Source "John Saunders"]
[SourceDate "2025.10.31"]
[SourceVersion "1"]
[SourceVersionDate "2025.10.31"]
[SourceQuality "1"]

1. e4 c5 2. Nf3 d6 3. d4 cxd4 4. Qxd4 Nf6 5. Be2 Nc6 6. Qe3 g6 7. c4 Bg7 8. Nc3 a5 9. O-O O-O 10. h3 Nd7 11. Rd1 Nc5 12. Nb5 a4 13. Nbd4 Ne6 14. Nc2 Bd7 15. Rb1 Nc5 16. Nfd4 Ne6 17. Nb5 Nc5 18. Ncd4 Nxd4 19. Nxd4 Bc6 20. Bf3 Qc8 21. b4 axb3 22. axb3 Ne6 23. Bb2 Ra2 24. Nxc6 bxc6 25. Bxg7 Kxg7 26. e5 Qc7 27. exd6 exd6 28. b4 c5 29. bxc5 Qxc5 30. Rb7 Qxc4 31. Bd5 Qe2 32. Qxe2 Rxe2 33. Rd7 Rb8 34. Bc4 Re4 35. Bd5 Re2 36. Bc4 Re4 37. Bd5 Re2 1/2-1/2

[Event "Coventry International"]
[Site "Coventry"]
[Date "2025.10.26"]
[Round "2.20"]
[White "Moss, Jack O"]
[Black "Roberts, Paul E"]
[Result "1/2-1/2"]
[WhiteElo "1886"]
[BlackElo "2098"]
[PlyCount "48"]
[EventDate "2025.10.26"]
[EventType "swiss"]
[EventRounds "9"]
[EventCountry "ENG"]
[SourceTitle "BritBase"]
[Source "John Saunders"]
[SourceDate "2025.10.31"]
[SourceVersion "1"]
[SourceVersionDate "2025.10.31"]
[SourceQuality "1"]

1. d4 d5 2. Nf3 c5 3. c4 e6 4. cxd5 exd5 5. g3 Nc6 6. Bg2 c4 7. O-O Bb4 8. b3 cxb3 9. Qxb3 Nge7 10. Ba3 Bxa3 11. Nxa3 O-O 12. Rac1 Rb8 13. e3 Be6 14. Rc3 h6 15. Rfc1 Qd7 16. Qa4 f6 17. Nc2 Rfd8 18. Nce1 b5 19. Qd1 Qd6 20. Nd3 Rdc8 21. Nc5 Na5 22. Ra3 Nec6 23. Qd3 Nc4 24. Rb3 Ne7 1/2-1/2

[Event "Coventry International"]
[Site "Coventry"]
[Date "2025.10.26"]
[Round "2.21"]
[White "Arun, Nitish"]
[Black "Hindol, Ghosh"]
[Result "1-0"]
[WhiteElo "2094"]
[BlackElo "1866"]
[PlyCount "127"]
[EventDate "2025.10.26"]
[EventType "swiss"]
[EventRounds "9"]
[EventCountry "ENG"]
[SourceTitle "BritBase"]
[Source "John Saunders"]
[SourceDate "2025.10.31"]
[SourceVersion "1"]
[SourceVersionDate "2025.10.31"]
[SourceQuality "1"]

1. d4 Nf6 2. c4 c5 3. d5 b5 4. cxb5 a6 5. e3 g6 6. Nc3 Bg7 7. a4 O-O 8. e4 d6 9. Nf3 e6 10. Be2 Bb7 11. O-O exd5 12. exd5 Nbd7 13. Bg5 Re8 14. Re1 Qc7 15. Rc1 Reb8 16. Bf1 a5 17. b3 Re8 18. Qd2 Nb6 19. Bc4 Qd7 20. Qd3 Kh8 21. Rcd1 Kg8 22. h3 h5 23. Bf4 Rac8 24. Ng5 Rxe1+ 25. Rxe1 Re8 26. Rxe8+ Nxe8 27. Nge4 f5 28. Ng5 Nc7 29. Nd1 Bxd5 30. Ne3 Bxc4 31. Nxc4 Nbd5 32. Bxd6 Bh6 33. Bxc7 Bxg5 34. b6 Nxb6 35. Qxd7 Nxd7 36. Bxa5 Kf7 37. Bc7 Ke6 38. f4 Bf6 39. Ne5 Nxe5 40. fxe5 Bxe5 41. Bxe5 Kxe5 42. h4 Kd5 43. Kf2 Kc6 44. Ke3 Kb6 45. Kd3 f4 46. Kc4 Kc6 47. a5 g5 48. hxg5 f3 49. gxf3 h4 50. g6 h3 51. g7 h2 52. g8=Q h1=Q 53. Qd5+ Kc7 54. Qxc5+ Kd7 55. Qd5+ Kc7 56. Kb5 Qe1 57. Qc5+ Kb8 58. b4 Qe2+ 59. Kb6 Qe6+ 60. Qc6 Qe3+ 61. Ka6 Qa7+ 62. Kb5 Qf7 63. a6 Qf5+ 64. Kb6 1-0

[Event "Coventry International"]
[Site "Coventry"]
[Date "2025.10.26"]
[Round "2.22"]
[White "Manickam, Saravanna Bava"]
[Black "Verbytski, Oleg"]
[Result "0-1"]
[WhiteElo "1808"]
[BlackElo "2092"]
[PlyCount "58"]
[EventDate "2025.10.26"]
[EventType "swiss"]
[EventRounds "9"]
[EventCountry "ENG"]
[SourceTitle "BritBase"]
[Source "John Saunders"]
[SourceDate "2025.10.31"]
[SourceVersion "1"]
[SourceVersionDate "2025.10.31"]
[SourceQuality "1"]

1. d4 d5 2. c4 e6 3. Nf3 Nf6 4. Bg5 Be7 5. e3 h6 6. Bh4 O-O 7. Nc3 b6 8. cxd5 Nxd5 9. Bxe7 Qxe7 10. Nxd5 exd5 11. Be2 Be6 12. Rc1 c5 13. b3 Nd7 14. O-O a5 15. Bb5 Nf6 16. Ne5 Rfc8 17. f4 g6 18. g4 Bd7 19. Bxd7 Nxd7 20. Nxd7 Qxd7 21. Qf3 cxd4 22. exd4 Rxc1 23. Rxc1 Re8 24. f5 Re4 25. Rd1 Qd6 26. h3 Rf4 27. Qe3 gxf5 28. gxf5 Rxf5 29. Rf1 Qg6+ 0-1

[Event "Coventry International"]
[Site "Coventry"]
[Date "2025.10.26"]
[Round "2.23"]
[White "Zhang, Junyi"]
[Black "Ranasinghe, Chaniru"]
[Result "1-0"]
[WhiteElo "2058"]
[BlackElo "1805"]
[PlyCount "101"]
[EventDate "2025.10.26"]
[EventType "swiss"]
[EventRounds "9"]
[EventCountry "ENG"]
[SourceTitle "BritBase"]
[Source "John Saunders"]
[SourceDate "2025.10.31"]
[SourceVersion "1"]
[SourceVersionDate "2025.10.31"]
[SourceQuality "1"]

1. e4 c5 2. Nf3 d6 3. d4 cxd4 4. Nxd4 Nf6 5. Bd3 Nc6 6. Be3 e5 7. Nb3 Be6 8. c4 Rc8 9. Nc3 Nb4 10. Nd5 Nfxd5 11. cxd5 Bd7 12. O-O Nxd3 13. Qxd3 a6 14. Rfc1 Be7 15. Qd2 O-O 16. Na5 Rxc1+ 17. Rxc1 Qb8 18. Qb4 h6 19. Qxb7 Qxb7 20. Nxb7 Rc8 21. Rxc8+ Bxc8 22. Na5 f5 23. f3 Kf7 24. b4 Bd8 25. Nc6 Ke8 26. a4 f4 27. Bf2 Kd7 28. Kf1 Bb7 29. b5 axb5 30. axb5 Ba8 31. Ke2 Bb7 32. Kd3 Ba8 33. Kc4 Bb7 34. Kb4 Ba8 35. Ka4 Bb7 36. Nb4 Kc8 37. b6 Kd7 38. Kb5 Be7 39. Nc6 Bd8 40. Na5 Kc8 41. Be1 Be7 42. Bb4 Bf8 43. Nc4 Kd7 44. Na5 Kc8 45. Nc4 Kd7 46. Nxe5+ dxe5 47. Bxf8 g6 48. Bxh6 Kd6 49. Bf8+ Kd7 50. Kc5 Ba6 51. Bd6 1-0